000 01238cam a22003617a 4500
003 CHAP
005 20220817041537.0
008 971013s1993 r 00010 d
010 _a17581
011 _a18553
035 _a22638
040 _cCHAP
082 _a338.9
_bF44 v.33/1
110 _aFAO
245 1 0 _aTrainers' guide
_b: concepts, principles and methods of training : with special reference to agricultural development
260 _aRome :
_bFAO,
_c1993
300 _a[343 p.]
490 0 _aFAO. Training materials for agricultural planning
_v; 33/1
590 _aBATCH-UPD
_b10
_c20130110
_lUCH01
_h1000
590 _aBATCH-UPD
_b10
_c20130410
_lUCH01
_h0611
590 _aBATCH-UPD
_b10
_c20130914
_lUCH01
_h0838
590 _aCONVERSION
_b10
_c20130109
_lUCH01
_h1311
650 1 4 _aAprendizaje.
_96370
650 1 4 _aCapacitación.
_918690
650 1 4 _aCapacitación
_xBibliografía.
_918692
650 1 4 _aDesarrollo rural
_xBibliografía.
_932069
700 0 _aHakimian, Hassan.
_952266
700 0 _aTeshome, Amdissa.
_9112462
830 0 0 _aFAO. Training materials for agricultural planning
_v; 33/1
_939704
901 _aBK
942 _cLIBRO
949 _a338.9 F44 v.33/1
_bBC
_cFAO
_d-53003
_eFAO1
_h87183
_i22638
_mD
_sb
999 _c17581
_d17581